000 01091nam a2200313 a 4500
001 64675
003 BD-RjUL
005 20211209081332.0
008 170219s2009 enkab ob 001 0ceng d
020 _z9780199559220
035 _a(BD-RjUL)64805
040 _aVLB
_cVLB
_dCTN
_dTWU
_dMZA
_dI8H
_dORU
_dMYG
_dBD-RjUL
_beng
041 _aeng
082 0 4 _a941.0099
_223
_bCAK 2009
100 1 _aCannon, John
_d1926-2012.
_9191754
245 1 4 _aThe kings & queens of Britain /
_cJohn Cannon and Anne Hargreaves.
250 _a2nd ed., rev.
260 _aOxford ;
_aNew York :
_bOxford University Press,
_c2009.
300 _axii, 404 p. :
_bill. ;
_c21cm.
490 1 _aOxford paperback reference
504 _aIncludes bibliographical references (p. [365]) and index.
651 0 _aGreat Britain
_xKings and rulers
_vBiography.
_9191755
651 0 _aGreat Britain
_xHistory.
_9189727
655 7 _aElectronic books.
_2local
_9171033
700 1 _aHargreaves, Anne.
_9191756
710 2 _aOxford University Press.
_9191757
830 0 _aOxford paperback reference.
_9179118
942 _2ddc
_cBK
999 _c64675
_d64675